00645 2200181 4500245004600000020002200046250001100068100001700079700001100096650001700107005001900124260002800143041001400171084001100185300002300196500023500219336000900454 aCool Boy Vs Cool GirlcPrismaCintyahText a978-602-5406-77-5 aCet. 2 aPrismaCintya aRollie aNovel Remaja a20231002092419 aJakartabLoveablec2019 aIndonesia a808.83 a352 hlm. :c20 cm. aSaat mereka larut dalam perasaan, takdir seolah bermain dengan keduanya. Banyaknya rintangan yang harus dilalui, salah satunya kehadiran seseorang dari masa lalu dan peristiwa yang membuat salah satunya harus merasakan kehilangan. atext